Symposium on mineral aggregates, 1948. (Record no. 545277)

000 -LEADER
fixed length control field 00533cam a2200145u 4500
082 ## - DEWEY DECIMAL CLASSIFICATION NUMBER
Classification number 620.191
Author Mark AME
-- L-36, P-38
110 2# - MAIN ENTRY--CORPORATE NAME
Corporate name or jurisdiction name as entry element American Society for Testing Materials. [from old catalog]
9 (RLIN) 41082
245 00 - TITLE STATEMENT
Title Symposium on mineral aggregates, 1948.
Remainder of title Fifty-first annual meeting, American Society for Testing Materials,
260 ## - PUBLICATION, DISTRIBUTION, ETC.
Place of publication, distribution, etc. Philadelphia
Date of publication, distribution, etc. [1948]
300 ## - PHYSICAL DESCRIPTION
Extent 233 p.
Other physical details illus.
Dimensions 24 cm.
526 ## - STUDY PROGRAM INFORMATION NOTE
Program name 0
Interest level 0
Reading level 0
Title point value 620_191000000000000_AME
650 #0 - SUBJECT ADDED ENTRY--TOPICAL TERM
Topical term or geographic name entry element Aggregates (Building materials)
9 (RLIN) 21284
650 #0 - SUBJECT ADDED ENTRY--TOPICAL TERM
Topical term or geographic name entry element MCE
9 (RLIN) 379
942 ## - ADDED ENTRY ELEMENTS (KOHA)
Source of classification or shelving scheme
Koha item type Book
Holdings
Withdrawn status Lost status Source of classification or shelving scheme Damaged status Not for loan Permanent Location Current Location Date acquired Total Checkouts Full call number Barcode Date last seen Price effective from Koha item type
          Military College of Engineering (MCE) Military College of Engineering (MCE) 05/20/2014   620.191 AME MCE-30827 05/20/2014 05/20/2014 Book
© 2023 Central Library, National University of Sciences and Technology. All Rights Reserved.